Imposible - Luis Fonsi, Ozuna - Estadísticas

Estadísticas generales
  • Esta prueba ha sido intentada 40 veces
  • La puntuación promedio es 195 de 288
Estadísticas de respuestas
Letra % Correcto
a
100%
Es
100%
es
100%
que
100%
Que
100%
te
100%
Te
100%
y
100%
Y
100%
No
91%
no
91%
yo,
91%
yo
91%
amor
82%
Como
82%
como
82%
mi
82%
82%
se
82%
Sin
82%
tu
82%
82%
imposible
73%
na'
73%
va
73%
con
64%
cuando
64%
De
64%
de
64%
él
64%
el
64%
en
64%
esta
64%
haga
64%
hará
64%
la
64%
La
64%
lo
64%
me
64%
Me
64%
mujer
64%
nadie
64%
quiera
64%
sentir
64%
bese
55%
Eso
55%
estás
55%
falta
55%
hay
55%
má'
55%
mire
55%
nunca
55%
quiero
55%
si
55%
aquel
45%
así
45%
día
45%
hago
45%
juro
45%
mientas
45%
Para
45%
perderte
45%
Pero
45%
pero
45%
quererte
45%
aquí
36%
Bailando
36%
boca
36%
cambie
36%
corazón
36%
creí
36%
Déjame
36%
Dios
36%
enamoré
36%
Guarda
36%
hacerte
36%
hacía
36%
lado
36%
morir
36%
noche
36%
Ozuna
36%
perdió
36%
piel
36%
saber
36%
sabías
36%
secreto
36%
Solamente
36%
suerte
36%
tener
36%
una
36%
ya
36%
acá
27%
acabe
27%
calle
27%
carita
27%
dijiste
27%
enamoró
27%
esa
27%
fiel,
27%
ironía
27%
medio
27%
mío
27%
olvidaría
27%
pecado
27%
perdone
27%
Quisiera
27%
serle
27%
tiene
27%
todo
27%
vida
27%
volví
27%
volvía,
27%
Porque
9%
No se encontraron pruebas coincidentes
Distribución de puntuación
Porcentaje de gente con cada puntuación
Porcentaje por número respondido
Historial de tus puntuaciones
No has intentado esta prueba.